| 000 | 00456cam a2200181ua 4500 | ||
|---|---|---|---|
| 001 | 4181 | ||
| 008 | 111220n ii |||gr||||Z||||||asm | ||
| 040 | _cMAIN | ||
| 082 | _a891.4513 | ||
| 100 | 1 | _aBarua, Prafulla Chandra, | |
| 245 | 1 | 1 |
_aBudhiyak kon _cby Prafulla Chandra Barua |
| 250 | _a2nd. | ||
| 260 |
_aGuwahati: _bPublication board assam,987. |
||
| 300 |
_a63p: _c23cm. |
||
| 653 | _aAssamese short stories | ||
| 653 | _aBudhiyak kon | ||
| 942 | _cBK | ||
| 999 |
_c4003 _d4003 |
||